Central Library OPAC University of Rajshahi

Living language : (Record no. 86395)

MARC details
000 -LEADER
fixed length control field 01043nam a2200325 a 4500
001 - CONTROL NUMBER
control field 86395
003 - CONTROL NUMBER IDENTIFIER
rucl marc code BD-RjUL
005 - DATE AND TIME OF LATEST TRANSACTION
control field 20260428153249.0
008 - FIXED-LENGTH DATA ELEMENTS--GENERAL INFORMATION
fixed length control field 260428s2021 nju ob 001 0 eng c
020 ## - INTERNATIONAL STANDARD BOOK NUMBER
International Standard Book Number 9781119608158
Qualifying information (epub)
International Standard Book Number 9781119608196
Qualifying information (pdf)
Canceled/invalid ISBN 9781119608141
Qualifying information (paperback)
035 ## - SYSTEM CONTROL NUMBER
System control number (BD-RjUL)86395
040 ## - CATALOGING SOURCE
Original cataloging agency DLC
Language of cataloging eng
Transcribing agency DLC
Description conventions rda
Modifying agency BD-RjUL
041 ## - LANGUAGE CODE
Language code of text/sound track or separate title eng
042 ## - AUTHENTICATION CODE
Authentication code pcc
082 00 - DEWEY DECIMAL CLASSIFICATION NUMBER
Edition number 23
Classification number 306.44
Author mark and year AHL 2021
100 1# - MAIN ENTRY--PERSONAL NAME
Personal name Ahearn, Laura M.,
Dates associated with a name 1962-
Relator term author.
9 (RLIN) 18226
245 10 - TITLE STATEMENT
Title Living language :
Remainder of title an introduction to linguistic anthropology /
Statement of responsibility, etc. Laura M. Ahearn.
250 ## - EDITION STATEMENT
Edition statement Third edition.
264 #1 - PRODUCTION, PUBLICATION, DISTRIBUTION, MANUFACTURE, AND COPYRIGHT NOTICE
Place of production, publication, distribution, manufacture Hoboken, NJ :
Name of producer, publisher, distributor, manufacturer John Wiley & Sons,
Date of production, publication, distribution, manufacture, or copyright notice 2021.
300 ## - PHYSICAL DESCRIPTION
Pagination XXi, 378 p. :
Illustrations ill. ;
Size 23 cm.
336 ## - CONTENT TYPE
Content type term text
Content type code txt
Source rdacontent
337 ## - MEDIA TYPE
Media type term computer
Media type code c
Source rdamedia
338 ## - CARRIER TYPE
Carrier type term online resource
Carrier type code cr
Source rdacarrier
504 ## - BIBLIOGRAPHY, ETC. NOTE
Bibliography, etc Includes bibliographical references and index.
650 #0 - SUBJECT ADDED ENTRY--TOPICAL TERM
Topical term or geographic name as entry element Anthropological linguistics.
9 (RLIN) 18227
Topical term or geographic name as entry element Language and culture.
9 (RLIN) 18228
942 ## - ADDED ENTRY ELEMENTS (KOHA)
Source of classification or shelving scheme Dewey Decimal Classification
Koha item type Books
Holdings
Lost status Source of classification or shelving scheme Damaged status Not for loan Collection code Permanent Location Current Location Shelving location Date acquired Source of acquisition Cost, normal purchase price Total Checkouts Full call number Date last seen Copy number Koha item type
  Dewey Decimal Classification   Not For Loan Non-fiction Central Library, University of Rajshahi Central Library, University of Rajshahi Reading Room 22/04/2026 Ahsania Mission Book Dis. 7585.00   306.44 AHL 2021 28/04/2026 C-1 Books
  Dewey Decimal Classification     Non-fiction Central Library, University of Rajshahi Central Library, University of Rajshahi General Stacks 22/04/2026 Ahsania Mission Book Dis. 7585.00   306.44 AHL 2021 28/04/2026 C-2 Books